书目信息 |
| 题名: |
国际内部审计专业实务框架
|
|
| 作者: | 陆宗祥 主编 | |
| 分册: | ||
| 出版信息: | 北京 中国财政经济出版社 2009.05 |
|
| 页数: | 92页 | |
| 开本: | 21cm | |
| 丛书名: | ||
| 单 册: | ||
| 中图分类: | F239.45 | |
| 科图分类: | ||
| 主题词: | 审计 | |
| 电子资源: | ||
| ISBN: | 978-7-5095-1369-9 | |
| 000 | 00587nam0 2200193 450 | |
| 001 | 1174241505 | |
| 005 | 20110410203818.92 | |
| 010 | @a978-7-5095-1369-9@dCNY20.00 | |
| 100 | @a20110410d2009 km y0chiy0120 ea | |
| 101 | 0 | @achi |
| 102 | @aCN@b110000 | |
| 200 | 1 | @a国际内部审计专业实务框架@Aguo ji nei bu shen ji zhuan ye shi wu kuang jia@f陆宗祥主编@Flu zong xiang zhu bian |
| 210 | @a北京@c中国财政经济出版社@d2009.05 | |
| 215 | @a92页@d21cm | |
| 606 | 0 | @a审计 |
| 690 | @aF239.45@v5 | |
| 701 | 0 | @a陆宗祥@Alu zong xiang@4主编 |
| 801 | 0 | @aCN@bNISOFT@c20110410 |
| 905 | @aBZT@dF239.45@e3 | |
| 国际内部审计专业实务框架/陆宗祥主编.-北京:中国财政经济出版社,2009.05 |
| 92页;21cm |
| ISBN 978-7-5095-1369-9:CNY20.00 |
| ● |
| 相关链接 |
|
|
|
正题名:国际内部审计专业实务框架
索取号:F239.45/3
 
预约/预借
| 序号 | 登录号 | 条形码 | 馆藏地/架位号 | 状态 | 备注 |
| 1 | 768008 | 2000768008 | 中心书库北库/ 北库008架B面5列3层36/ [索取号:F239.45/3] | 在馆 | |
| 2 | 768009 | 2000768009 | 中心书库北库/ 北库008架B面5列3层37/ [索取号:F239.45/3] | 在馆 | |
| 3 | 768010 | 2000768010 | 中心书库北库/ 北库008架B面5列3层38/ [索取号:F239.45/3] | 在馆 | |
| 4 | 768011 | 2000768011 | 中心书库北库/ 北库008架B面5列3层31/ [索取号:F239.45/3] | 在馆 | |
| 5 | 768012 | 2000768012 | 中心书库北库/ 北库008架B面5列3层32/ [索取号:F239.45/3] | 在馆 | |
| 6 | 768013 | 2000768013 | 中心书库北库/ 北库008架B面5列3层33/ [索取号:F239.45/3] | 在馆 | |
| 7 | 768014 | 2000768014 | 中心书库北库/ 北库008架B面5列3层34/ [索取号:F239.45/3] | 在馆 | |
| 8 | 768015 | 2000768015 | 中心书库北库/ 北库008架B面5列3层39/ [索取号:F239.45/3] | 在馆 | |
| 9 | 768016 | 2000768016 | 中心书库北库/ 北库008架B面5列3层35/ [索取号:F239.45/3] | 在馆 | |
| 10 | 768017 | 2000768017 | 中心书库北库/ 北库008架B面5列3层40/ [索取号:F239.45/3] | 在馆 |